Diễn viên và sân khấu

Spremljeno u:
Bibliografski detalji
Glavni autor: Lưu, Quang Vũ
Daljnji autori: Vương Trí Nhàn Xuân Quỳnh (Tác giả)
Format: Knjiga
Jezik:Vietnamese
Izdano: H. Văn hóa 1979
Teme:
Oznake: Dodaj oznaku
Bez oznaka, Budi prvi tko označuje ovaj zapis!
Thư viện lưu trữ: Mạng thư viện Đại học Đà Nẵng
LEADER 00752nam a2200277 4500
001 000014032
003 10385
005 20120328100311.0
008 120328s1979 viesd
041 0 |a vie 
082 |a 792.09  |b LƯ-V 
100 0 |a Lưu, Quang Vũ 
245 0 |a Diễn viên và sân khấu  |c Lưu Quang Vũ, Vương Trí Nhàn, Xuân Quỳnh 
260 |a H.  |b Văn hóa  |c 1979 
300 |a 495 tr.  |c 19 cm 
653 |a Diễn viên 
653 |a Sân khấu 
700 |a Vương Trí Nhàn  |a Xuân Quỳnh  |e Tác giả 
OWN |a LSP 
999 |a From the UDN01 
TYP |a Monograph 
TYP |a Printed language 
980 |a Mạng thư viện Đại học Đà Nẵng